| 000 | 00811nam a2200229 i 4500 | ||
|---|---|---|---|
| 001 | 116291 | ||
| 003 | ES-MaACL | ||
| 005 | 20250805004421.0 | ||
| 007 | t| | ||
| 008 | 061121q1931 sp r ||||1|dspa d | ||
| 080 | _a929 Vega, Lope de :069.5(460.27 M.) | ||
| 245 | 0 | 3 |
_aLa casa de Lope de Vega / _cPatronato Nacional del Turismo. |
| 260 |
_aMadrid : _bSección de Propaganda y Publicaciones de la Dirección General del Turismo, _c[ca. 1931] |
||
| 300 |
_a8 p. ; _c17 cm. |
||
| 600 | 1 | 7 |
_aVega, Lope de, _d1562-1635- _xBiografías _2 _9143267 |
| 610 | 2 | 0 |
_aCasa Museo Lope de Vega _9193698 |
| 710 | 2 |
_aPatronato Nacional del Turismo (España) _96194 |
|
| 710 | 1 |
_aEspaña. _bDirección General de Turismo. _9172729 |
|
| 852 | 4 |
_aES-MaACL _j1837-F-13 |
|
| 942 | _2udc | ||
| 999 |
_c116291 _d116291 |
||